000 00217nam a2200097Ia 4500
008 190216s9999||||xx |||||||||||||| ||und||
100 _aSundaram K P M
245 0 _aIndian Economy Analysis
260 _bNull
942 _cBK
999 _c9255
_d9255